Status Quo, The Beatles, Donna Summer or Darts - Statistics

General Stats
  • This quiz has been taken 23 times
  • The average score is 10 of 15
Answer Stats
Question Answer % Correct
Free As A Bird The Beatles
100%
Please Please Me The Beatles
100%
Get Back The Beatles
100%
Duke Of Earl Darts
75%
Daddy Cool/The Girl Can't Help It Darts
75%
Loves About To Change My Heart Donna Summer
75%
Unconditional Love Donna Summer
75%
Accident Prone Status Quo
75%
Living On An Island Status Quo
75%
Come Back My Love Darts
50%
Get It Darts
50%
Cold Love Donna Summer
50%
Dear John Status Quo
50%
Winter Melody Donna Summer
25%
Red Sky Status Quo
25%
No matching quizzes found
Score Distribution
Percent of People with Each Score
Percentile by Number Answered
Your Score History
You have not taken this quiz